000 00587nam a2200229Ia 4500
003 OSt
005 20220928101739.0
006 a|||||r|||| 00| 0
007 ta
008 220927b |||||||| |||| 00| 0 eng d
024 _a58128
037 _cTextual
040 _aSDCL
_cSDCL
_beng
041 _2eng
_aeng
082 _aO152,3NYK,6, M9
100 _aYogesh Kumar
_9394672
245 0 _aBhraman.
260 _aNew Delhi
_bRaj Kamal Prakashan
_c1989
300 _a120p.
_ccm.
942 _hO152,3NYK,6, M9
_cTEXL
_2CC
999 _c710273
_d710273